Diary of a Wimpy Kid Books Quiz Stats

 Plays Quiz Updated Nov 24, 2017

Challenge
Share
Tweet
Embed
Score 0/12 Timer 03:00
0 Plays Today
Year Book Title % Correct
2007Diary of a Wimpy Kid
88.5%
2008Diary of a Wimpy Kid: Rodrick Rules
87.3%
2009Diary of a Wimpy Kid: Dog Days
85.9%
2009Diary of a Wimpy Kid: The Last Straw
73.8%
2011Diary of a Wimpy Kid: Cabin Fever
73%
2015Diary of a Wimpy Kid: Old School
68.5%
2014Diary of a Wimpy Kid: The Long Haul
66.6%
2013Diary of a Wimpy Kid: Hard Luck
66.1%
2010Diary of a Wimpy Kid: The Ugly Truth
63.4%
2016Diary of a Wimpy Kid: Double Down
63.1%
2012Diary of a Wimpy Kid: The Third Wheel
62.7%
2017Diary of a Wimpy Kid: The Getaway
27.6%

You're not logged in!

Compare scores with friends on all Sporcle quizzes.
Join for Free
OR
Log In

You Might Also Like...

Show Comments

Extras

Top Quizzes Today


Score Distribution

Your Account Isn't Verified!

In order to create a playlist on Sporcle, you need to verify the email address you used during registration. Go to your Sporcle Settings to finish the process.

Report this User

Report this user for behavior that violates our Community Guidelines.

Details: